|
|
|
|
| LEADER |
00000naa0a2200000 4500 |
| 001 |
602538 |
| 005 |
20250909180808.0 |
| 035 |
|
|
|a (RuTPU)RU\TPU\tpu\28434
|
| 035 |
|
|
|a RU\TPU\tpu\27748
|
| 090 |
|
|
|a 602538
|
| 100 |
|
|
|a 20160607d2015 k||y0rusy50 ba
|
| 101 |
0 |
|
|a eng
|
| 102 |
|
|
|a RU
|
| 200 |
1 |
|
|a The prestarting diagnostics for short circuits detecting in a load of asynchronous electric drives with the thyristor voltage regulator
|f I. G. Odnokopylov [et al.]
|
| 333 |
|
|
|a В фонде НТБ ТПУ отсутствует
|
| 463 |
|
1 |
|t 2015 International Siberian Conference on Control and Communications (SIBCON), Russia, Omsk, May 21−23, 2015 : proceedings
|v [4 p.]
|d 2015
|
| 610 |
1 |
|
|a труды учёных ТПУ
|
| 701 |
|
1 |
|a Odnokopylov
|b I. G.
|c specialist in the field of electrical engineering
|c associate Professor of Tomsk Polytechnic University, candidate of technical Sciences
|f 1983-
|g Ivan Georgievich
|3 (RuTPU)RU\TPU\pers\35087
|9 18362
|
| 701 |
|
1 |
|a Langraf
|b S. V.
|c specialist in the field of electrical engineering
|c Associate Professor of Tomsk Polytechnic University, candidate of technical sciences
|f 1977-
|g Sergey Vladimirovich
|3 (RuTPU)RU\TPU\pers\35628
|9 18797
|
| 701 |
|
1 |
|a Krasnov
|b I. Yu.
|c specialist in the field of electrical engineering
|c Associate Professor of Tomsk Polytechnic University, candidate of technical sciences
|f 1981-
|g Ivan Yurievich
|3 (RuTPU)RU\TPU\pers\35629
|
| 701 |
|
1 |
|a Teplyakov
|b V. V.
|g Vladimir Vasiljevich
|
| 712 |
0 |
2 |
|a Национальный исследовательский Томский политехнический университет (ТПУ)
|b Энергетический институт (ЭНИН)
|b Кафедра электропривода и электрооборудования (ЭПЭО)
|3 (RuTPU)RU\TPU\col\18674
|
| 801 |
|
1 |
|a RU
|b 63413507
|c 20150828
|
| 801 |
|
2 |
|a RU
|b 63413507
|c 20160607
|g RCR
|
| 942 |
|
|
|c BK
|